Normal view
MARC view
- Golding, E W
Entry Personal Name
001 - CONTROL NUMBER
- control field: 6702
003 - CONTROL NUMBER IDENTIFIER
- control field: OSt
005 - DATE AND TIME OF LATEST TRANSACTION
- control field: 20250101120248.0
008 - FIXED-LENGTH DATA ELEMENTS
- fixed length control field: 250101|| aca||aabn | a|a d
040 ## - CATALOGING SOURCE
- Original cataloging agency: OSt
- Transcribing agency: OSt
100 ## - HEADING--PERSONAL NAME
- Personal name: Golding, E W
670 ## - SOURCE DATA FOUND
- Source citation: Work cat.: (OSt)1386: Golding, E W ., Electrical measurements and measuring instruments / , 1962.
